000 00364nam a2200157Ia 4500
100 _aAllen/Richard/ Qian/K
650 _aWEB
942 _cBK
366 _f20
245 _aWeb development with Javascript and AJAX illuminated
260 _bJones and Bartlett
_c2010
082 _a5.133
_bALL
300 _a497
546 _aENGLISH
_celectronics
999 _c27192
_d27192